Problémy transformácie hospodárstva a možnosti ich riešenia

Reštrukturalizácia výrobných programov v privatizácii. Význam malých a stredných podnikov. Nutnosť hospodárskej stratégie. Priorita výrobného sektora - zrušenie neefektívnej výroby v prospech efektívnej. Zvýšenie podielu služieb, najmä turistického ruchu. Hospodárska politika s jej nástrojmi, ako da...

ver descrição completa

Na minha lista:
Detalhes bibliográficos
Autor principal: Sedlák, Mikuláš
Formato: Capítulo de Livro
Idioma:eslovaco
Assuntos:
Tags: Adicionar Tag
Sem tags, seja o primeiro a adicionar uma tag!

MARC

LEADER 00000naa a2200000 4500
001 r014643
005 20221213113539.9
041 0 |a slo 
044 |a SK 
245 1 0 |a Problémy transformácie hospodárstva a možnosti ich riešenia  |c Mikuláš Sedlák 
520 |a Reštrukturalizácia výrobných programov v privatizácii. Význam malých a stredných podnikov. Nutnosť hospodárskej stratégie. Priorita výrobného sektora - zrušenie neefektívnej výroby v prospech efektívnej. Zvýšenie podielu služieb, najmä turistického ruchu. Hospodárska politika s jej nástrojmi, ako dane, rozpočet, clá a ceny. Podpora exportu a ochrana domácej výroby. 
610 2 0 |a transformácia 
610 2 0 |a hospodárstvo národné 
610 2 0 |a reformy hospodárske 
610 2 0 |a privatizácia 
610 2 0 |a Slovensko 
100 1 |a Sedlák, Mikuláš